[Event "Team Russia"]
[Site "Petergof"]
[Date "2015.08.01"]
[Round "1.1"]
[White "Oparin, Grigoriy"]
[Black "Schekachikhin, Maksim"]
[Result "1/2-1/2"]
[WhiteElo "2564"]
[BlackElo "2316"]
[PlyCount "134"]
[EventDate "2015.08.??"]
[EventType "team-swiss"]
[WhiteClock "0:04:57"]
[BlackClock "0:01:29"]

1. d4 Nf6 2. c4 e6 3. Nc3 Bb4 4. Qc2 d5 5. a3 Bxc3+ 6. Qxc3 dxc4 7. Qxc4 b6 8.
Bg5 Ba6 9. Qa4+ Qd7 10. Qxd7+ Nbxd7 11. Rc1 Rc8 12. e3 Bxf1 13. Kxf1 O-O 14.
Nf3 c5 15. Ke2 h6 16. Bxf6 Nxf6 17. dxc5 bxc5 18. Ne5 Rb8 19. Nd3 Nd7 20. Rc4
Rb3 21. Rhc1 Rfb8 22. R1c3 R3b5 23. Kd2 f6 24. Kc2 Ne5 25. Rxc5 Nxd3 26. Rxb5
Ne1+ 27. Kd1 Rxb5 28. Kxe1 Rxb2 29. Rc7 a6 30. Rc6 a5 31. Rc5 a4 32. Rc4 Ra2
33. Rxa4 Kf7 34. h3 g5 35. Ra8 h5 36. a4 g4 37. hxg4 hxg4 38. a5 Ra1+ 39. Ke2
Ra2+ 40. Kd3 Rxf2 41. a6 Ra2 42. a7 Kg7 43. Kc4 g3 44. Kc5 f5 45. Kd6 Ra6+ 46.
Ke5 Kh7 47. Kf4 Ra3 48. Kf3 Kg7 49. Kf4 Kh7 50. Re8 Rxa7 51. Rxe6 Ra2 52. Kxg3
Kg7 53. Kf3 Kf7 54. Rd6 Ke7 55. Rb6 Ra4 56. g3 Rc4 57. Rh6 Kf7 58. Rd6 Ke7 59.
Rd4 Rc1 60. Kf4 Rf1+ 61. Kg5 Rf3 62. e4 Rxg3+ 63. Kxf5 Rf3+ 64. Ke5 Ra3 65. Rd5
Ra6 66. Rb5 Re6+ 67. Kd5 Rd6+ 1/2-1/2

[Event "Team Russia"]
[Site "Petergof"]
[Date "2015.08.01"]
[Round "1.2"]
[White "Opanasenko, Mikhail"]
[Black "Zakhartsov, Vladimir"]
[Result "0-1"]
[WhiteElo "2043"]
[BlackElo "2453"]
[PlyCount "106"]
[EventDate "2015.08.??"]
[EventType "team-swiss"]
[WhiteClock "0:02:27"]
[BlackClock "0:11:09"]

1. d4 Nf6 2. c4 g6 3. Nc3 d5 4. Nf3 Bg7 5. e3 O-O 6. cxd5 Nxd5 7. Bc4 Nb6 8.
Bb3 N8d7 9. O-O c5 10. d5 c4 11. Bc2 Ne5 12. Nxe5 Bxe5 13. e4 e6 14. f4 Bxc3
15. bxc3 exd5 16. e5 f5 17. a4 Be6 18. Qd4 Qd7 19. Ba3 Rf7 20. a5 Nc8 21. Bc5
Qc7 22. Rfb1 Ne7 23. Ba4 Nc6 24. Bxc6 bxc6 25. Bd6 Qd8 26. Rb2 h6 27. Qc5 g5
28. Rab1 Qe8 29. fxg5 hxg5 30. Rb7 Bc8 31. a6 f4 32. Rxf7 Kxf7 33. Rb7+ Kg8 34.
Rxa7 Bxa6 35. Re7 Qh5 36. h3 Bb7 37. Qb6 Qd1+ 38. Kh2 g4 39. hxg4 Qxg4 40. Ba3
Qg3+ 41. Kh1 Qe1+ 42. Kh2 Qg3+ 43. Kh1 f3 44. gxf3 Qxf3+ 45. Kh2 Qh5+ 46. Kg2
Kh8 47. Rg7 Qe2+ 48. Kh3 Bc8+ 49. Kh4 Qh2+ 50. Kg5 Qg3+ 51. Kh5 Qh3+ 52. Kg5
Qg4+ 53. Kf6 Qxg7# 0-1

[Event "Team Russia"]
[Site "Petergof"]
[Date "2015.08.01"]
[Round "1.3"]
[White "Vavulin, Maksim"]
[Black "Chernov, Maksim"]
[Result "1-0"]
[WhiteElo "2435"]
[BlackElo "2047"]
[PlyCount "63"]
[EventDate "2015.08.??"]
[EventType "team-swiss"]
[WhiteClock "0:33:52"]
[BlackClock "0:32:24"]

1. e4 c5 2. Nf3 d6 3. d4 cxd4 4. Nxd4 Nf6 5. Nc3 a6 6. Be3 e5 7. Nb3 Be6 8. h3
Nbd7 9. g4 Nb6 10. g5 Nfd7 11. Qd2 Qc7 12. O-O-O Nc4 13. Bxc4 Bxc4 14. f4 Be7
15. h4 Rc8 16. f5 b5 17. Qg2 Nb6 18. Kb1 Na4 19. Bd2 f6 20. Be1 Bf7 21. Nd5
Bxd5 22. Rxd5 fxg5 23. Ba5 Qc6 24. c3 g4 25. Qxg4 O-O 26. Rg1 Rf7 27. h5 h6 28.
Qg6 Kf8 29. Qh7 Bg5 30. Bb4 Rd8 31. Rxe5 Rfd7 32. Nd4 1-0

[Event "Team Russia"]
[Site "Petergof"]
[Date "2015.08.01"]
[Round "1.4"]
[White "Petrochenko, Maria"]
[Black "Kisteneva, Liza"]
[Result "1/2-1/2"]
[WhiteElo "1997"]
[BlackElo "2069"]
[PlyCount "147"]
[EventDate "2015.08.??"]
[EventType "team-swiss"]
[WhiteClock "0:02:08"]
[BlackClock "0:03:54"]

1. b4 e5 2. Bb2 Bxb4 3. Bxe5 Nf6 4. c3 Be7 5. d4 d5 6. e3 O-O 7. Bxf6 Bxf6 8.
Bd3 Re8 9. Ne2 b6 10. O-O Bb7 11. Nd2 Nd7 12. a4 c5 13. Qb1 g6 14. a5 cxd4 15.
cxd4 Qe7 16. Rc1 Qd6 17. Bb5 bxa5 18. Nb3 Reb8 19. Qd3 a6 20. Nxa5 axb5 21.
Nxb7 Qb6 22. Rxa8 Rxa8 23. Nc5 Nxc5 24. dxc5 Qc6 25. Nd4 Bxd4 26. exd4 b4 27.
Qb3 Rb8 28. g3 Qe6 29. Rb1 Kg7 30. Qe3 Qxe3 31. fxe3 f5 32. Kf2 Kf6 33. Ke2 Ke6
34. Kd3 Kd7 35. Ra1 Kc6 36. Ra6+ Kb5 37. Ra7 h6 38. Ra1 Re8 39. Ra7 Rb8 40. Ra1
Rb7 41. Ra8 g5 42. Rd8 Kc6 43. Kc2 Re7 44. Rd6+ Kb5 45. Kd3 b3 46. Rb6+ Ka4 47.
c6 Rc7 48. Kc3 Ka5 49. Rxb3 Rxc6+ 50. Kd3 Rb6 51. Rc3 Kb4 52. Rc5 Rd6 53. Rc7
Ra6 54. Rb7+ Ka4 55. Rf7 Kb4 56. Rxf5 Ra3+ 57. Ke2 Ra2+ 58. Kf3 Kc4 59. h4 gxh4
60. gxh4 Ra6 61. h5 Rd6 62. Kf4 Re6 63. Re5 Rf6+ 64. Kg4 Kd3 65. Re7 Kd2 66.
Re5 Kd3 67. Kg3 Kc4 68. Kg4 Kd3 69. Rxd5 Kxe3 70. Kg3 Ke4 71. Rd7 Rf3+ 72. Kg4
Rf4+ 73. Kg3 Rf3+ 74. Kg4 1/2-1/2

[Event "Team Russia"]
[Site "Petergof"]
[Date "2015.08.01"]
[Round "1.5"]
[White "Pak, Alexander"]
[Black "Zenzera, Alexey"]
[Result "0-1"]
[WhiteElo "2196"]
[BlackElo "2446"]
[PlyCount "110"]
[EventDate "2015.08.??"]
[EventType "team-swiss"]
[WhiteClock "0:07:26"]
[BlackClock "0:34:01"]

1. e4 c6 2. d4 d5 3. Nc3 dxe4 4. Nxe4 Nd7 5. Nf3 Ngf6 6. Nxf6+ Nxf6 7. h3 Bf5
8. Bd3 Bxd3 9. Qxd3 e6 10. O-O Be7 11. c4 O-O 12. b3 Qc7 13. Bb2 Rad8 14. Qe3
Ne8 15. Rac1 Bf6 16. Bc3 Nd6 17. Qf4 Rfe8 18. Rfe1 Qc8 19. Ba5 b6 20. c5 Nf5
21. cxb6 Qa6 22. Bc3 axb6 23. Ne5 Bxe5 24. dxe5 Qxa2 25. Qc4 Qa8 26. Ra1 Qb7
27. Qa6 Qb8 28. Re4 Ne7 29. Rc4 h6 30. g3 c5 31. Qb5 Nd5 32. Kh2 Nxc3 33. Rxc3
Qxe5 34. Rac1 Qd6 35. Rf3 Re7 36. Kg2 Rc7 37. b4 cxb4 38. Rxc7 Qxc7 39. Qxb4
Qb7 40. Qb5 g6 41. h4 h5 42. Qb3 Qc6 43. Kh2 Rd5 44. Rf4 Rf5 45. Rxf5 exf5 46.
Qb4 Qc5 47. Qf4 b5 48. Qb8+ Kg7 49. Kg2 b4 50. Kf3 Qc3+ 51. Kg2 b3 52. Qb6 b2
53. Qb5 Qc2 54. Qe5+ Kh7 55. Qf6 Qb3 0-1

[Event "Team Russia"]
[Site "Petergof"]
[Date "2015.08.01"]
[Round "1.6"]
[White "Timerkhanov, Alexander"]
[Black "Yeritsyan, Aram"]
[Result "1-0"]
[WhiteElo "2302"]
[BlackElo "2117"]
[PlyCount "93"]
[EventDate "2015.08.??"]
[EventType "team-swiss"]
[WhiteClock "0:04:56"]
[BlackClock "0:03:05"]

1. d4 d5 2. c4 c6 3. Nc3 Nf6 4. Nf3 dxc4 5. a4 e6 6. e3 c5 7. Bxc4 Be7 8. O-O
Nc6 9. dxc5 Bxc5 10. Qxd8+ Kxd8 11. e4 Ke7 12. Bf4 b6 13. e5 Nd7 14. Ne4 Bb7
15. Rfd1 Rhd8 16. Bg5+ f6 17. exf6+ gxf6 18. Bh4 Na5 19. Bd3 Nb3 20. Rab1 Nd4
21. Nfd2 Nf5 22. Nxc5 Nxc5 23. Bxf5 exf5 24. Nc4 Nxa4 25. Re1+ Kf7 26. Bg3 Be4
27. Ra1 Nc5 28. f3 Bc6 29. Nd6+ Kg6 30. Re3 Nb7 31. Rc1 Bd5 32. Nxb7 Bxb7 33.
Re7 Rdc8 34. Rd1 Bc6 35. Rd6 Ba4 36. Bh4 Rf8 37. Ree6 Rac8 38. Rxf6+ Rxf6 39.
Rxf6+ Kg7 40. Rxf5 Rc1+ 41. Kf2 Rc2+ 42. Kg3 Rxb2 43. Rf4 Ra2 44. Bf6+ Kg6 45.
Bd4 Ra3 46. Rf6+ Kh5 47. Kf4 1-0

[Event "Team Russia"]
[Site "Petergof"]
[Date "2015.08.01"]
[Round "1.7"]
[White "Arkhipkin, Ilya"]
[Black "Askerov, Marat"]
[Result "1/2-1/2"]
[WhiteElo "1974"]
[BlackElo "2194"]
[PlyCount "110"]
[EventDate "2015.08.??"]
[EventType "team-swiss"]
[WhiteClock "0:02:14"]
[BlackClock "0:00:51"]

1. d4 Nf6 2. c4 e6 3. Nf3 Bb4+ 4. Bd2 Qe7 5. g3 Nc6 6. Bg2 Bxd2+ 7. Nbxd2 a5 8.
O-O d6 9. e4 e5 10. d5 Nb8 11. Ne1 h5 12. h3 h4 13. g4 Nbd7 14. Nd3 O-O 15. b3
Nc5 16. Qe2 Nxd3 17. Qxd3 c6 18. a3 Bd7 19. b4 cxd5 20. cxd5 Rfc8 21. Rfc1 Qd8
22. b5 Be8 23. a4 Nd7 24. Nb3 Nb6 25. Rxc8 Nxc8 26. Qd2 Ne7 27. Rc1 Bd7 28. Qg5
f6 29. Qe3 Ng6 30. Bf1 Kf7 31. Nd2 Ne7 32. Nc4 Nc8 33. f3 b6 34. Qf2 g5 35. Qe3
Rb8 36. Qc3 Rb7 37. Qe3 Ke7 38. Nd2 Rc7 39. Nb3 Rxc1 40. Qxc1 Ke8 41. Qc3 Ne7
42. Nc1 Ng6 43. Nd3 Qb8 44. Kh2 Kd8 45. Qc4 Be8 46. Qc3 Nf8 47. Qc4 Nd7 48. Qc3
Qb7 49. Be2 Bf7 50. Qc4 Ke7 51. Bd1 Nc5 52. Nxc5 dxc5 53. Bb3 Kd6 54. Qd3 Qc8
55. Bc4 Bg6 1/2-1/2

[Event "Team Russia"]
[Site "Petergof"]
[Date "2015.08.01"]
[Round "1.9"]
[White "Alekseenko, Kirill"]
[Black "Sinyanskiy, Maxim"]
[Result "1-0"]
[WhiteElo "2540"]
[BlackElo "2102"]
[PlyCount "80"]
[EventDate "2015.08.??"]
[EventType "team-swiss"]
[WhiteClock "0:32:52"]
[BlackClock "0:03:33"]

1. Nf3 c5 2. b3 b6 3. Bb2 Bb7 4. e3 e6 5. Be2 Nf6 6. O-O Be7 7. d4 O-O 8. c4 d6
9. Nc3 a6 10. Qc2 Nbd7 11. Rad1 Re8 12. d5 exd5 13. cxd5 b5 14. e4 Bf8 15. Bd3
Rc8 16. Rfe1 g6 17. Bf1 Bg7 18. a4 b4 19. Nb1 Nh5 20. Bxg7 Nxg7 21. Nbd2 f6 22.
Nc4 Ne5 23. Nfd2 Rc7 24. Na5 Qc8 25. f4 Nf7 26. Bc4 Nh5 27. g3 g5 28. Be2 Qh3
29. Bf1 Qc8 30. Nxb7 Qxb7 31. Be2 Ng7 32. e5 dxe5 33. Ne4 Qb6 34. a5 Qb8 35.
Nxf6+ Kf8 36. Qxh7 Nd6 37. Qg8+ Ke7 38. Nxe8 Ngxe8 39. fxe5 Kd8 40. exd6 Rg7
1-0

[Event "Team Russia"]
[Site "Petergof"]
[Date "2015.08.01"]
[Round "1.10"]
[White "Stasenko, Alexey"]
[Black "Pershin, Denis"]
[Result "0-1"]
[WhiteElo "2092"]
[BlackElo "2278"]
[PlyCount "80"]
[EventDate "2015.08.??"]
[EventType "team-swiss"]
[WhiteClock "0:07:56"]
[BlackClock "0:53:27"]

1. e4 c5 2. Nf3 Nc6 3. c3 e5 4. d4 cxd4 5. cxd4 exd4 6. Nxd4 Bb4+ 7. Bd2 Qe7 8.
Nxc6 Qxe4+ 9. Be2 dxc6 10. O-O Nf6 11. Bf3 Qe7 12. Re1 Be6 13. Qa4 Bxd2 14.
Nxd2 O-O 15. Nb3 Bxb3 16. Qxb3 Qc7 17. Qa3 Rfe8 18. Rxe8+ Nxe8 19. Rd1 a6 20.
Qd3 Nf6 21. g4 h6 22. Qd4 Re8 23. h4 Re5 24. Qd8+ Qxd8 25. Rxd8+ Re8 26. Rd4 g5
27. h5 Kf8 28. b4 Ke7 29. Bd1 Rd8 30. Rxd8 Kxd8 31. f3 Nd5 32. a3 Ke7 33. Kf2
Kd6 34. Bb3 Ke5 35. Ke2 Kd4 36. Kd2 f6 37. Bc2 Nb6 38. Bf5 Nc4+ 39. Kc1 Nd6 40.
Bc2 Ke5 0-1

[Event "Team Russia"]
[Site "Petergof"]
[Date "2015.08.01"]
[Round "1.11"]
[White "Saveliev, Alexei"]
[Black "Reshetnikov, Ruslan"]
[Result "1-0"]
[WhiteElo "2310"]
[BlackElo "2149"]
[PlyCount "177"]
[EventDate "2015.08.??"]
[EventType "team-swiss"]
[WhiteClock "0:04:17"]
[BlackClock "0:01:19"]

1. e4 Nf6 2. e5 Nd5 3. d4 d6 4. Nf3 dxe5 5. Nxe5 c6 6. Bd3 Nd7 7. Nxd7 Bxd7 8.
O-O g6 9. Re1 Bg7 10. c3 O-O 11. Bg5 Re8 12. Na3 Qc7 13. Nc4 Rad8 14. Qf3 Bf6
15. Bh6 Bg7 16. Bg5 Bf6 17. Bd2 Qc8 18. Ne5 Be6 19. h3 Nb6 20. Ng4 Bxg4 21.
hxg4 Rd5 22. Be4 Rdd8 23. Rad1 Bg7 24. Bg5 Rd7 25. Bc2 e6 26. g3 e5 27. dxe5
Rxe5 28. Rxe5 Rxd1+ 29. Bxd1 Bxe5 30. Bb3 Qd7 31. Qe4 Bg7 32. Qf4 Nc8 33. a4
Bf8 34. a5 a6 35. Kg2 Nd6 36. f3 Be7 37. Bh6 Bf8 38. Bxf8 Kxf8 39. Qd4 Kg8 40.
Kf2 Qe7 41. Bc2 Nb5 42. Qe3 Qd8 43. Bb3 Nd6 44. Qd4 Qxa5 45. Qxd6 Qb6+ 46. Kf1
Qxb3 47. Qb8+ Kg7 48. Qe5+ f6 49. Qe7+ Qf7 50. Qd6 Qf8 51. Qd7+ Qf7 52. Qd6 h5
53. gxh5 gxh5 54. Kg2 Qb3 55. Qe7+ Kg6 56. Qe8+ Qf7 57. Qe4+ f5 58. Qe5 Qd7 59.
c4 b6 60. b3 b5 61. cxb5 axb5 62. Qe3 Qf7 63. b4 Qa2+ 64. Kh3 Qf7 65. Qe5 Qd7
66. f4 Qd5 67. Qe8+ Kf6 68. Qf8+ Qf7 69. Qd6+ Qe6 70. Qf8+ Kg6 71. Qd8 Kf7 72.
Qc7+ Ke8 73. Qh7 Qf7 74. Qh8+ Ke7 75. Qe5+ Kd7 76. Qd4+ Ke7 77. Qe5+ Qe6 78.
Qc7+ Kf6 79. Qd8+ Qe7 80. Qh8+ Kg6 81. Qg8+ Qg7 82. Qe8+ Kh6 83. Qxc6+ Kh7 84.
Qxb5 Qg4+ 85. Kg2 h4 86. Qd7+ Kg8 87. Qe8+ Kg7 88. Qe7+ Kg6 89. Qg5+ 1-0

[Event "Team Russia"]
[Site "Petergof"]
[Date "2015.08.01"]
[Round "1.13"]
[White "Panov, Maksim"]
[Black "Savenkov, Konstantin"]
[Result "0-1"]
[WhiteElo "2187"]
[BlackElo "2296"]
[PlyCount "44"]
[EventDate "2015.08.??"]
[EventType "team-swiss"]

1. Nf3 Nf6 2. d4 g6 3. c4 Bg7 4. Nc3 O-O 5. e4 d6 6. Be2 e5 7. O-O Nc6 8. dxe5
Nxe5 9. Nd4 c6 10. Bg5 Qb6 11. b3 Re8 12. Kh1 Neg4 13. f3 Nd7 14. fxg4 Qxd4 15.
Rc1 Nc5 16. b4 Nxe4 17. Nxe4 Rxe4 18. Bf3 Bxg4 19. Qxd4 Rxd4 20. Be3 Rd3 21.
Bxg4 Rxe3 22. b5 Rd8 0-1

[Event "Team Russia"]
[Site "Petergof"]
[Date "2015.08.01"]
[Round "1.14"]
[White "Yeletsky, Ivan"]
[Black "Radzhabov, Rodion"]
[Result "1-0"]
[WhiteElo "2338"]
[BlackElo "2128"]
[PlyCount "73"]
[EventDate "2015.08.??"]
[EventType "team-swiss"]

1. e4 c5 2. Nf3 Nc6 3. Nc3 e6 4. d4 cxd4 5. Nxd4 Qc7 6. Be3 a6 7. Qf3 Bb4 8.
Nxc6 bxc6 9. Bd4 Kf8 10. a3 Bd6 11. O-O-O Ne7 12. Na4 Be5 13. Bxe5 Qxe5 14. Nb6
Rb8 15. Nc4 Qg5+ 16. Kb1 d5 17. h4 Qf6 18. Qg3 Rb7 19. h5 e5 20. Qxe5 Qxe5 21.
Nxe5 f6 22. Nd3 Rb6 23. Nf4 Kf7 24. exd5 cxd5 25. Nxd5 Nxd5 26. Rxd5 Be6 27.
Ra5 Rhb8 28. b4 Rd8 29. Bd3 h6 30. Rxa6 Rxa6 31. Bxa6 Rd2 32. Rf1 Bf5 33. Bc4+
Kf8 34. Bb3 Bg4 35. Kc1 Re2 36. Bc4 Re5 37. Rh1 1-0

[Event "Team Russia"]
[Site "Petergof"]
[Date "2015.08.01"]
[Round "1.15"]
[White "Polosin, Evgeni"]
[Black "Smirnov, Timofey"]
[Result "0-1"]
[WhiteElo "2034"]
[BlackElo "2297"]
[PlyCount "74"]
[EventDate "2015.08.??"]
[EventType "team-swiss"]

1. e4 c5 2. Nf3 a6 3. c3 g6 4. d4 cxd4 5. cxd4 d5 6. Nc3 dxe4 7. Nxe4 Bg7 8.
Bc4 Nf6 9. Nxf6+ Bxf6 10. O-O O-O 11. d5 b5 12. Bb3 Bb7 13. Ng5 Nd7 14. Ne4 Bg7
15. Bg5 h6 16. Bh4 Nb6 17. Qe2 g5 18. Bg3 Bxd5 19. Rad1 e6 20. f4 Nc4 21. fxg5
hxg5 22. Qh5 f6 23. Bc2 Qe8 24. Qh3 f5 25. Nxg5 Qg6 26. Bf4 Nxb2 27. Rde1 Rac8
28. Bb1 Rc3 29. Qh4 Nd3 30. Bxd3 Rxd3 31. Re2 Rd4 32. Qf2 Bc4 33. Nxe6 Bxe6 34.
Rfe1 Re4 35. Bd6 Bd4 36. Qxd4 Rxd4 37. Rxe6 Rxd6 0-1

[Event "Team Russia"]
[Site "Petergof"]
[Date "2015.08.01"]
[Round "1.16"]
[White "Borisova, Ekaterina"]
[Black "Shnayder, Violetta"]
[Result "1-0"]
[WhiteElo "2004"]
[BlackElo "1932"]
[PlyCount "57"]
[EventDate "2015.08.??"]
[EventType "team-swiss"]

1. e4 c5 2. Nf3 d6 3. d4 cxd4 4. Nxd4 Nf6 5. Nc3 a6 6. Bg5 e6 7. f4 h6 8. Bh4
Qb6 9. Qd2 Qxb2 10. Rb1 Qa3 11. Bxf6 gxf6 12. Be2 Be7 13. O-O Nc6 14. Nb3 Qb4
15. Qe3 Bd8 16. Kh1 Bb6 17. Qg3 Bd7 18. a3 Qxa3 19. Ra1 Qb4 20. Ra4 Ke7 21.
Rxb4 Nxb4 22. Qh4 Rhc8 23. e5 d5 24. Qxf6+ Kf8 25. Bh5 Be8 26. f5 Bd8 27. Qxh6+
Ke7 28. fxe6 fxe6 29. Qf8+ 1-0

[Event "Team Russia"]
[Site "Petergof"]
[Date "2015.08.01"]
[Round "1.17"]
[White "Minko, Vladimir"]
[Black "Shapiro, David"]
[Result "1-0"]
[WhiteElo "2268"]
[BlackElo "2292"]
[PlyCount "123"]
[EventDate "2015.08.??"]
[EventType "team-swiss"]

1. d4 Nf6 2. c4 c6 3. g3 d5 4. Bg2 Bf5 5. Nc3 e6 6. Nf3 h6 7. Qb3 Qb6 8. c5
Qxb3 9. axb3 a6 10. b4 Ne4 11. Nd2 Nxc3 12. bxc3 Nd7 13. e4 dxe4 14. Nxe4 Be7
15. Nd2 O-O 16. Nc4 Nf6 17. Na5 Ra7 18. O-O Nd5 19. Bd2 Bf6 20. Rfe1 Rd8 21. c4
Ne7 22. Bc3 Rd7 23. Red1 Bg6 24. g4 Bg5 25. Bd2 Bxd2 26. Rxd2 Ra8 27. Rad1 Rad8
28. b5 axb5 29. cxb5 Rc7 30. Nc4 cxb5 31. Nd6 e5 32. Nxb5 Rcd7 33. d5 e4 34. d6
Nc6 35. Nc3 Re8 36. Re2 Re5 37. Rd5 b6 38. Rxe5 Nxe5 39. Nxe4 bxc5 40. Nxc5
Rxd6 41. Rxe5 Rd1+ 42. Bf1 Rc1 43. Rd5 f6 44. Nb3 Rb1 45. Nd2 Rd1 46. h3 h5 47.
gxh5 Bf7 48. Rd8+ Kh7 49. Kg2 Bxh5 50. Bd3+ Bg6 51. Bxg6+ Kxg6 52. Rd6 Ra1 53.
Nf3 Ra4 54. Kg3 Ra3 55. Rd7 Rb3 56. Re7 Ra3 57. Re3 Ra4 58. Ne1 Kg5 59. Nd3 Rd4
60. Nc5 Kg6 61. Re7 Kh6 62. Rxg7 1-0

[Event "Team Russia"]
[Site "Petergof"]
[Date "2015.08.01"]
[Round "1.18"]
[White "Gusarov, Aleksey"]
[Black "Maslov, Ivan"]
[Result "1/2-1/2"]
[WhiteElo "2003"]
[BlackElo "2264"]
[PlyCount "94"]
[EventDate "2015.08.??"]
[EventType "team-swiss"]

1. e4 c5 2. c3 Nf6 3. e5 Nd5 4. d4 cxd4 5. Qxd4 e6 6. Nf3 Nc6 7. Qe4 f5 8. exf6
Nxf6 9. Qh4 d5 10. Bd3 Bd6 11. Bg5 e5 12. Bg6+ Ke7 13. Bc2 e4 14. Nd4 Nxd4 15.
cxd4 Bb4+ 16. Nc3 Bxc3+ 17. bxc3 Qa5 18. Qg3 Kf7 19. O-O Be6 20. Rab1 Rab8 21.
Bf4 Nh5 22. Qh4 Nxf4 23. Qxf4+ Ke7 24. Qg5+ Kf7 25. Bxe4 Qd8 26. Qh5+ g6 27.
Qf3+ Kg7 28. Bc2 Qf6 29. Qg3 b6 30. Rfe1 Rbc8 31. Re3 Rhe8 32. Ba4 Rf8 33. Rbe1
Bf5 34. Bb3 Rcd8 35. Re7+ Rf7 36. Rxf7+ Qxf7 37. Qe5+ Kg8 38. Qe7 Rd7 39. Qe2
Rd6 40. c4 Re6 41. Qd2 Rxe1+ 42. Qxe1 dxc4 43. Bd1 Qe6 44. Qc3 Bd3 45. Bf3 b5
46. h4 Qe7 47. d5 Qg7 1/2-1/2

[Event "Team Russia"]
[Site "Petergof"]
[Date "2015.08.01"]
[Round "1.19"]
[White "Voloshin, Pavel"]
[Black "Serov, Danila"]
[Result "1-0"]
[WhiteElo "2053"]
[BlackElo "1970"]
[PlyCount "111"]
[EventDate "2015.08.??"]
[EventType "team-swiss"]

1. e4 e5 2. Nf3 d6 3. d4 exd4 4. Qxd4 Nc6 5. Bb5 Nf6 6. O-O Bd7 7. Bxc6 Bxc6 8.
Nc3 Be7 9. Bf4 O-O 10. Rfe1 Nh5 11. Bd2 Bf6 12. Qd3 Re8 13. Nd4 Bg5 14. g3 Bxd2
15. Qxd2 Nf6 16. f3 Bd7 17. Nde2 b5 18. Nf4 a5 19. Rad1 Qb8 20. Ncd5 Nxd5 21.
Nxd5 Be6 22. b3 Bxd5 23. exd5 Qb6+ 24. Qf2 Qxf2+ 25. Kxf2 Kf8 26. Rxe8+ Rxe8
27. Rd4 Ke7 28. a4 Rb8 29. Ke3 bxa4 30. Rxa4 Rb5 31. Kd4 Kf6 32. Ra3 g5 33. c4
Rc5 34. Ra1 Kg6 35. Re1 c6 36. dxc6 Rxc6 37. Re8 Kf6 38. Rh8 Rc5 39. g4 Rc7 40.
Rxh7 Rb7 41. Kc3 Ke5 42. h4 gxh4 43. Rxh4 Kf4 44. Rh7 Kxf3 45. g5 Re7 46. g6
Re3+ 47. Kd2 Re2+ 48. Kd1 Re8 49. Rxf7+ Kg4 50. g7 Rg8 51. Kc2 Kg5 52. Kb2 Kg6
53. Rd7 Rxg7 54. Rxd6+ Kh7 55. Ka3 Rb7 56. Rd5 1-0

[Event "Team Russia"]
[Site "Petergof"]
[Date "2015.08.01"]
[Round "1.20"]
[White "Alieva, Alexandra"]
[Black "Robish, Alisa"]
[Result "1-0"]
[WhiteElo "1963"]
[BlackElo "1404"]
[PlyCount "87"]
[EventDate "2015.08.??"]
[EventType "team-swiss"]

1. e4 e5 2. Nf3 Nc6 3. Bb5 a6 4. Bxc6 dxc6 5. O-O Ne7 6. Nxe5 Qd4 7. Nf3 Qxe4
8. Nc3 Qg6 9. Ne5 Qf5 10. d4 Be6 11. Qe2 O-O-O 12. g4 Qf6 13. Ne4 Qh4 14. Bg5
Qh3 15. f3 Bd5 16. Nf2 Qxf1+ 17. Rxf1 f6 18. c4 Bg8 19. b4 fxg5 20. b5 cxb5 21.
cxb5 a5 22. b6 cxb6 23. Rc1+ Kb8 24. Qb5 Nd5 25. Nd7+ Ka7 26. Nxb6 Bb4 27. Nc4
Rc8 28. a3 Bc3 29. Rb1 Rc7 30. Nxa5 b6 31. Nc4 Bxd4 32. Qa4+ Kb8 33. Na5 Nc3
34. Qe8+ Rc8 35. Nc6+ Kc7 36. Qe7+ Kxc6 37. Re1 Bc4 38. Kg2 Rhe8 39. Qb4 Kb7
40. Ne4 Na2 41. Nd6+ Kb8 42. Qxc4 Rxc4 43. Rxe8+ Kc7 44. Nxc4 1-0

[Event "Team Russia"]
[Site "Petergof"]
[Date "2015.08.01"]
[Round "1.21"]
[White "Gogin, Maksim"]
[Black "Drygalov, Andrey"]
[Result "1/2-1/2"]
[WhiteElo "2183"]
[BlackElo "2309"]
[PlyCount "109"]
[EventDate "2015.08.??"]
[EventType "team-swiss"]

1. d4 d5 2. Nf3 Nf6 3. c4 c6 4. Nc3 e6 5. e3 Nbd7 6. Qc2 Bd6 7. b3 O-O 8. Bd3
b6 9. Bb2 Bb7 10. O-O Rc8 11. Rfd1 Qe7 12. e4 dxc4 13. Bxc4 e5 14. Ne2 g6 15.
dxe5 Nxe5 16. Rxd6 Nxf3+ 17. gxf3 Qxd6 18. e5 Qd7 19. exf6 c5 20. Ng3 Bxf3 21.
Re1 Rcd8 22. Re7 Qg4 23. Bf1 Rd1 24. h3 Qf4 25. Re3 Rfd8 26. Be5 Qxe3 27. fxe3
R8d2 28. Qxd1 Rxd1 29. Kf2 Bc6 30. Be2 Rd2 31. a4 Bd5 32. Ke1 Ra2 33. Bb8 Bxb3
34. Bxa7 c4 35. Ne4 b5 36. Bd4 Rxa4 37. Nd6 c3 38. Bxc3 b4 39. Bd4 Be6 40. h4
b3 41. Nb5 Bf5 42. Kd1 h6 43. Kc1 g5 44. hxg5 hxg5 45. Nc3 Ra5 46. Bc4 Be6 47.
Bxe6 fxe6 48. e4 g4 49. Kb2 e5 50. Be3 Kf7 51. Kxb3 Kxf6 52. Nd5+ Kf7 53. Kb4
Ra1 54. Bf2 Ke6 55. Ne3 1/2-1/2

[Event "Team Russia"]
[Site "Petergof"]
[Date "2015.08.01"]
[Round "1.22"]
[White "Drygalov, Sergey"]
[Black "Zakharikov, Ivan"]
[Result "1-0"]
[WhiteElo "2362"]
[BlackElo "1971"]
[PlyCount "109"]
[EventDate "2015.08.??"]
[EventType "team-swiss"]

1. Nf3 d5 2. c4 Nf6 3. d4 e6 4. Nc3 Be7 5. e3 b6 6. Bd3 Bb7 7. O-O O-O 8. b3 c5
9. cxd5 exd5 10. Bb2 Nc6 11. Rc1 cxd4 12. exd4 Bd6 13. a3 a6 14. Re1 Re8 15.
Rxe8+ Qxe8 16. Qc2 Rc8 17. b4 b5 18. Re1 Qf8 19. Qb3 Rd8 20. Bc1 h6 21. Bb1 Bc7
22. Qc2 Bb6 23. Be3 a5 24. Qd3 axb4 25. Qxb5 bxc3 26. Qxb6 Ba8 27. Ne5 Nd7 28.
Nxd7 Rxd7 29. Qb3 Nd8 30. Qxc3 Ra7 31. Bc1 Ne6 32. Bf5 Ra6 33. Qd3 Bb7 34. Qb5
Bc8 35. Qxd5 Rd6 36. Qe5 Qd8 37. Be3 Rd5 38. Qe4 Ng5 39. Bxg5 Bxf5 40. Bxd8
Bxe4 41. Rxe4 Rxd8 42. g4 Ra8 43. Re3 Ra4 44. Rd3 Kf8 45. h3 Ke7 46. d5 Kd6 47.
Kg2 f6 48. Kg3 Rc4 49. Kh4 Rf4 50. Kh5 Rxf2 51. Kg6 Rg2 52. a4 Ra2 53. Kxg7
Rxa4 54. Kxf6 h5 55. gxh5 1-0

[Event "Team Russia"]
[Site "Petergof"]
[Date "2015.08.01"]
[Round "1.23"]
[White "Skafar, Darya"]
[Black "Salemgareev, Tagir"]
[Result "0-1"]
[WhiteElo "1974"]
[BlackElo "2050"]
[PlyCount "94"]
[EventDate "2015.08.??"]
[EventType "team-swiss"]

1. e4 c5 2. Nf3 d6 3. Bb5+ Bd7 4. Bxd7+ Qxd7 5. O-O Nf6 6. Qe2 Nc6 7. c3 e6 8.
d4 cxd4 9. cxd4 d5 10. e5 Ne4 11. Be3 Be7 12. Ne1 f5 13. f3 Ng5 14. Qd2 Nf7 15.
f4 Rg8 16. Nf3 h6 17. Kh1 g5 18. g3 O-O-O 19. Nc3 g4 20. Ne1 h5 21. Kg2 h4 22.
Nd3 Rg6 23. Rh1 Rh8 24. b3 Rgh6 25. Ne2 Qd8 26. b4 R8h7 27. b5 Na5 28. Rac1+
Nc4 29. Bf2 Qh8 30. Qe1 hxg3 31. Bxg3 Bh4 32. Qg1 Kb8 33. Nc5 Nd8 34. Rc3 Bxg3
35. Nxg3 Rh3 36. a4 Nd2 37. Qc1 Rxh2+ 38. Rxh2 Rxh2+ 39. Kg1 Nc4 40. a5 Qh3 41.
Qf1 Qh4 42. b6 Ra2 43. bxa7+ Kxa7 44. Ne2 g3 45. Qg2 Qh2+ 46. Qxh2 gxh2+ 47.
Kxh2 Rxe2+ 0-1

[Event "Team Russia"]
[Site "Petergof"]
[Date "2015.08.01"]
[Round "1.24"]
[White "Alekseeva, Irina"]
[Black "Solozhenkina, Elizaveta"]
[Result "1-0"]
[WhiteElo "2141"]
[BlackElo "2052"]
[PlyCount "91"]
[EventDate "2015.08.??"]
[EventType "team-swiss"]

1. e4 c6 2. d4 d5 3. exd5 cxd5 4. Bd3 Nc6 5. Nf3 Nf6 6. O-O Bg4 7. c3 e6 8. Bg5
Be7 9. Nbd2 O-O 10. Qb1 h6 11. Bh4 Nh5 12. Bxe7 Qxe7 13. h3 Bxf3 14. Nxf3 Nf4
15. Re1 Qf6 16. Qd1 a6 17. Ne5 Qg5 18. Qf3 Nxd3 19. Qxd3 Rfe8 20. Nxc6 bxc6 21.
Re5 Qd8 22. f4 f6 23. Re2 Qd6 24. Rf1 a5 25. Qg6 Re7 26. Rf3 Kh8 27. g4 Qd7 28.
h4 Qe8 29. h5 c5 30. Qxe8+ Raxe8 31. dxc5 e5 32. Rd3 Rd8 33. Red2 d4 34. cxd4
exd4 35. Rxd4 Rxd4 36. Rxd4 Re2 37. b3 Re6 38. Ra4 f5 39. g5 hxg5 40. fxg5 Kh7
41. Rxa5 Re5 42. b4 f4 43. c6 Re8 44. Rc5 f3 45. c7 g6 46. c8=Q 1-0